书目信息 |
| 题名: |
钢铁是怎样炼成的
|
|
| 作者: | 奥斯特洛夫斯基 原著 ;刘淑珍 改写 | |
| 分册: | ||
| 出版信息: | 北京 北京少年儿童出版社 2009.11 |
|
| 页数: | 191页 | |
| 开本: | 25cm | |
| 丛书名: | 一生必读的经典·世界10大名著 | |
| 单 册: | ||
| 中图分类: | I512.45 | |
| 科图分类: | ||
| 主题词: | 长篇小说--苏联--现代--缩写 | |
| 电子资源: | ||
| ISBN: | 978-7-5301-1900-6 | |
| 000 | 01008nam 22002891 450 | |
| 001 | 005337957 | |
| 005 | 20111224101425.50 | |
| 010 | @a978-7-5301-1900-6@dCNY15.80 | |
| 049 | @aA210100SYT@bUCS01004353738 | |
| 100 | @a20110811d2009 em y0chiy50 ea | |
| 101 | 1 | @achi@crus |
| 102 | @aCN@b110000 | |
| 105 | @ay z 000yy | |
| 200 | 1 | @a钢铁是怎样炼成的@9gang tie shi zen yang lian cheng de@dThe making of steel@f(苏)尼·奥斯特洛夫斯基原著@g刘淑珍改写@zeng |
| 210 | @a北京@c北京少年儿童出版社@d2009.11 | |
| 215 | @a191页@c图@d25cm | |
| 225 | 2 | @a一生必读的经典·世界10大名著@e青少版 |
| 461 | 0 | @12001@a一生必读的经典·世界10大名著 |
| 510 | 1 | @aMaking of steel@zeng |
| 606 | 0 | @a长篇小说@y苏联@z现代@j缩写 |
| 690 | @aI512.45@v4 | |
| 701 | 1 | @c(苏)@a奥斯特洛夫斯基@9ao si te luo fu si ji@b尼@4原著 |
| 702 | 0 | @a刘淑珍@9liu shu zhen@4改写 |
| 801 | 0 | @aCN@bSYT@c20111224 |
| 801 | 2 | @aCN@bOLCC@c20100925 |
| 801 | 2 | @aCN@bA210100SYT@c20070320 |
| 905 | @a郑州市财税学校图书馆@dI512.45@eN5251@f3 | |
| 钢铁是怎样炼成的=The making of steel/(苏)尼·奥斯特洛夫斯基原著/刘淑珍改写.-北京:北京少年儿童出版社,2009.11 |
| 191页:图;25cm.-(一生必读的经典·世界10大名著:青少版) |
| ISBN 978-7-5301-1900-6:CNY15.80 |
| ● |
| 相关链接 |
|
|
|
正题名:钢铁是怎样炼成的
索取号:I512.45/N5251
 
预约/预借
| 序号 | 登录号 | 条形码 | 馆藏地/架位号 | 状态 | 备注 |
| 1 | 1065115 | 210651150 | 社科二线422/422社科库 1排2列6层/ [索取号:I512.45/N5251] | 在馆 | |
| 2 | 1065116 | 210651169 | 社科二线400B/400B社科库 30排1列1层/ [索取号:I512.45/N5251] | 在馆 | |
| 3 | 1065117 | 210651178 | 社科二线400B/400B社科库 30排1列1层/ [索取号:I512.45/N5251] | 在馆 |